000 00629nam a2200241Ia 4500
003 OSt
005 20220918192342.0
006 a|||||r|||| 00| 0
007 ta
008 220917b |||||||| |||| 00| 0 eng d
024 _a68,084
037 _cTextual
040 _aARTS
_cARTS
_beng
041 _2eng
_aeng
082 _aV671:21wN18, K0
100 _aJoesten Joachim
_979041
245 0 _aNasser
_b the rise to power
260 _aLondon
_bOdhams Press UK
_c1962
300 _a224p
_ccm.
650 _aHISTORY
942 _hV671:21wN18, K0
_cTEXL
_2CC
999 _c194278
_d194278